000 00384nam a2200145 a 4500
005 20140414093841.0
008 081125s19uu xx 00 eng d
050 _aVCD 615.9
_bT22
100 _aTechnical Vocational
245 _aFood borne disease /
_cTechnical Vocational.
260 _aQuezon City :
_bFelta.
650 _aFood Borne Disease.
942 _cAVM
999 _c109337
_d109337